[Event "WchT Seniors 50"]
[Site "Prague"]
[Date "2020.03.11"]
[Round "6.4"]
[White "Zahorbensky, Jaroslav"]
[Black "Polasek, Jaroslav"]
[Result "0-1"]
[WhiteElo "2098"]
[BlackElo "2365"]
[PlyCount "66"]
[EventDate "2020.03.06"]
[EventType "team-swiss"]
[EventRounds "7"]
[EventCountry "CZE"]
[SourceTitle "CBM 195 Extra"]
[Source "ChessBase"]
[SourceDate "2020.05.31"]
[SourceVersion "1"]
[SourceVersionDate "2020.05.31"]
[SourceQuality "1"]
[WhiteTeam "Czech Republic 50 IV"]
[BlackTeam "Czech Republic 50 II"]
[WhiteTeamCountry "CZE"]
[BlackTeamCountry "CZE"]

1. e4 e6 2. d4 d5 3. exd5 exd5 4. Bf4 Nf6 5. Bd3 c5 6. dxc5 Bxc5 7. Nf3 0-0 8. 0-0 Bg4 9. h3 Bh5 10. Nbd2 Nc6 11. Nb3 Bb6 12. c3 Re8 13. g4 Bg6 14. Bxg6 hxg6 15. Nbd4 Re4 16. Be3 Qd7 17. Re1 Rae8 18. Ng5 R4e7 19. Qd2 Bc7 20. Kf1 Ne5 21. b3 Ne4 22. Nxe4 dxe4 23. Ke2 Nxg4 24. hxg4 Qxg4+ 25. f3 exf3+ 26. Kd3 Qe4+ 27. Kc4 b5+ 28. Kb4 Bd6+ 29. Ka5 Qb7 30. Nxb5 Rxe3 31. Nxd6 R8e5+ 32. Ka4 Qa6+ 33. Kb4 Qa5+ 0-1

[Event "CZE-chT1W 1920"]
[Site "Czech Republic"]
[Date "2020.03.01"]
[Round "9.4"]
[White "Hrdina, Robin"]
[Black "Polasek, Jaroslav"]
[Result "1/2-1/2"]
[WhiteElo "2222"]
[BlackElo "2365"]
[PlyCount "96"]
[EventDate "2019.10.20"]
[EventType "team-tourn"]
[EventRounds "11"]
[EventCountry "CZE"]
[SourceTitle "CBM 195 Extra"]
[Source "ChessBase"]
[SourceDate "2020.05.31"]
[SourceVersion "1"]
[SourceVersionDate "2020.05.31"]
[SourceQuality "1"]
[WhiteTeam "Vlasim Spartak"]
[BlackTeam "Pankrac"]
[WhiteTeamCountry "CZE"]
[BlackTeamCountry "CZE"]

1. e4 e6 2. d4 d5 3. Nd2 a6 4. Ngf3 Nf6 5. e5 Nfd7 6. Bd3 c5 7. c3 Nc6 8. 0-0 g5 9. Nb3 h6 10. Nxc5 Nxc5 11. dxc5 Bxc5 12. Qe2 Qc7 13. Re1 Bd7 14. a4 d4 15. Nd2 dxc3 16. bxc3 Be7 17. Nc4 Na5 18. Nd6+ Bxd6 19. exd6 Qxd6 20. Ba3 Qc7 21. Rad1 0-0-0 22. Be7 Bxa4 23. Bxd8 Bxd1 24. Bxc7 Bxe2 25. Be5 Bxd3 26. Bxh8 Nc4 27. Rd1 Bc2 28. Rd4 b5 29. Bg7 h5 30. Bf6 g4 31. Rxc4+ bxc4 32. Kf1 Kd7 33. Ke2 a5 34. Bg7 Ke7 35. Bd4 Kd6 36. Bg7 Kd5 37. Ke3 e5 38. g3 Bd3 39. Bf8 Kc6 40. Ba3 Kb5 41. Be7 Ka4 42. Bd8 Kb3 43. Bxa5 Kc2 44. Bb4 Kd1 45. Bd6 Ke1 46. Bxe5 Kf1 47. f4 Kg2 48. Bf6 Kxh2 1/2-1/2

[Event "CZE-chT1W 1920"]
[Site "Czech Republic"]
[Date "2019.10.20"]
[Round "1.5"]
[White "Votava, Jan"]
[Black "Polasek, Jaroslav"]
[Result "1-0"]
[WhiteElo "2521"]
[BlackElo "2365"]
[PlyCount "85"]
[EventDate "2019.10.20"]
[EventType "team-tourn"]
[EventRounds "11"]
[EventCountry "CZE"]
[SourceTitle "CBM 192 Extra"]
[Source "Chessbase"]
[SourceDate "2019.11.06"]
[SourceVersion "1"]
[SourceVersionDate "2019.11.06"]
[SourceQuality "1"]
[WhiteTeam "Polabiny II"]
[BlackTeam "Pankrac"]
[WhiteTeamCountry "CZE"]
[BlackTeamCountry "CZE"]

1. d4 e6 2. c4 f5 3. Nf3 Nf6 4. g3 Be7 5. Bg2 0-0 6. 0-0 d6 7. Nc3 Ne4 8. Bd2 Nc6 9. d5 Nxd2 10. Qxd2 Ne5 11. Nxe5 dxe5 12. Rad1 e4 13. f3 Bc5+ 14. Kh1 e3 15. Qd3 f4 16. Ne4 Qe7 17. Nxc5 Qxc5 18. Qe4 fxg3 19. hxg3 exd5 20. Qxd5+ Qxd5 21. cxd5 Rd8 22. f4 Bg4 23. Bf3 Bxf3+ 24. Rxf3 Re8 25. Kg2 Rad8 26. Rff1 g5 27. Kf3 Rd7 28. Rd3 Kg7 29. Rc1 Rde7 30. Rcc3 gxf4 31. gxf4 Rf7 32. Rxe3 Ref8 33. Re4 h5 34. e3 Kh6 35. Re6+ Kh7 36. Re5 Kh6 37. Re6+ Kh7 38. Re5 Kh6 39. Rc1 a6 40. Re6+ Kh7 41. Re5 Kh6 42. a3 Rf5 43. Re6+ 1-0

[Event "CZE-chT1W 1819"]
[Site "Czech Republic"]
[Date "2019.04.07"]
[Round "11.2"]
[White "Cech, Pavel"]
[Black "Polasek, Jaroslav"]
[Result "1/2-1/2"]
[WhiteElo "2332"]
[BlackElo "2346"]
[PlyCount "83"]
[EventDate "2018.10.21"]
[EventType "team-tourn"]
[EventRounds "11"]
[EventCountry "CZE"]
[SourceTitle "CBM 189 Extra"]
[Source "ChessBase"]
[SourceDate "2019.06.03"]
[SourceVersion "1"]
[SourceVersionDate "2019.06.03"]
[SourceQuality "1"]
[WhiteTeam "Hradec Kralove"]
[BlackTeam "Pankrac"]
[WhiteTeamCountry "CZE"]
[BlackTeamCountry "CZE"]

1. e4 e6 2. d4 d5 3. Nd2 a6 4. Ngf3 Nf6 5. e5 Nfd7 6. Bd3 c5 7. c3 Nc6 8. 0-0 g5 9. h3 h5 10. g4 Be7 11. Re1 Qc7 12. Nf1 hxg4 13. hxg4 Rg8 14. Ng3 Nf8 15. Nh5 Bd7 16. dxc5 0-0-0 17. b4 Ng6 18. Bxg6 fxg6 19. Ng3 Rdf8 20. Nf1 Rh8 21. Qe2 d4 22. cxd4 Rxf3 23. Qxf3 Nxd4 24. Qc3 Bc6 25. Nh2 Bf6 26. Qxd4 Rxh2 27. f3 Qh7 28. Bf4 gxf4 29. Qxf4 Rh1+ 30. Kf2 Bh4+ 31. Ke3 Rxe1+ 32. Rxe1 Bxe1 33. Qf8+ Kd7 34. Qd6+ Ke8 35. Qb8+ Ke7 36. Qd6+ Kf7 37. Qc7+ Kg8 38. Qd8+ Kf7 39. Qc7+ Kg8 40. Qd8+ Kg7 41. Qe7+ Kh8 42. Qf8+ 1/2-1/2

[Event "CZE-chT1W 1819"]
[Site "Czech Republic"]
[Date "2019.01.06"]
[Round "5.3"]
[White "Polasek, Jaroslav"]
[Black "Pulpan, Jakub"]
[Result "1-0"]
[WhiteElo "2346"]
[BlackElo "2410"]
[PlyCount "137"]
[EventDate "2018.10.21"]
[EventType "team-tourn"]
[EventRounds "11"]
[EventCountry "CZE"]
[SourceTitle "CBM 188 Extra"]
[Source "ChessBase"]
[SourceDate "2019.02.26"]
[SourceVersion "1"]
[SourceVersionDate "2019.02.26"]
[SourceQuality "1"]
[WhiteTeam "Pankrac"]
[BlackTeam "Polabiny"]
[WhiteTeamCountry "CZE"]
[BlackTeamCountry "CZE"]

1. e4 e5 2. Nc3 Nf6 3. f4 d5 4. fxe5 Nxe4 5. d3 Nxc3 6. bxc3 c5 7. Nf3 Be7 8. Be2 0-0 9. 0-0 Nc6 10. Qe1 f6 11. d4 fxe5 12. dxe5 Bf5 13. Bd3 Qe8 14. Qg3 Qg6 15. Qxg6 Bxg6 16. Bxg6 hxg6 17. Bd2 Rae8 18. Rad1 d4 19. Rfe1 Bd8 20. cxd4 Nxd4 21. Nxd4 cxd4 22. Bb4 Rf5 23. Bd6 Be7 24. Rf1 Bg5 25. g4 Rfxe5 26. Bxe5 Rxe5 27. Rfe1 Be3+ 28. Kg2 Ra5 29. Kf3 Rxa2 30. Re2 b5 31. Rb1 a6 32. Ke4 Ra4 33. Rb3 b4 34. h4 a5 35. Rb1 Ra3 36. g5 Rc3 37. Kd5 Rc8 38. Ra1 Rf8 39. Ke6 Rf5 40. Ra2 Rb5 41. Re1 Bd2 42. Re5 Rb6+ 43. Kd7 Rb7+ 44. Kc6 Rb8 45. Rexa5 Kf7 46. Kd5 Rd8+ 47. Ke4 Re8+ 48. Kxd4 Re7 49. Kd3 Be1 50. Ra7 Bxh4 51. Rxe7+ Kxe7 52. Ra7+ Ke6 53. Ra5 Be1 54. Ke4 Bd2 55. Ra6+ Kf7 56. Ra7+ Ke8 57. Rxg7 Bxg5 58. Rxg6 Bd2 59. Rg7 Bc3 60. Rc7 Be1 61. Kd5 Kd8 62. Kc6 Bc3 63. Rb7 Kc8 64. Rb5 Bd2 65. Kc5 Kc7 66. Rxb4 Be1 67. Rf4 Bc3 68. Rf7+ Kb8 69. Kc6 1-0

[Event "CZE-chT1W 1718"]
[Site "Czech Republic"]
[Date "2018.04.15"]
[Round "11.3"]
[White "Polasek, Jaroslav"]
[Black "Jurcik, Marian"]
[Result "1-0"]
[WhiteElo "2331"]
[BlackElo "2478"]
[PlyCount "43"]
[EventDate "2017.10.29"]
[EventType "team-tourn"]
[EventRounds "11"]
[EventCountry "CZE"]
[SourceTitle "EXT 2019"]
[Source "ChessBase"]
[SourceDate "2018.10.10"]
[SourceVersion "1"]
[SourceVersionDate "2018.10.10"]
[SourceQuality "1"]
[WhiteTeam "Pankrac"]
[BlackTeam "Unichess"]
[WhiteTeamCountry "CZE"]
[BlackTeamCountry "CZE"]

1. e4 e5 2. Nc3 Nc6 3. f4 exf4 4. d4 Qh4+ 5. Ke2 b6 6. Qd2 Ba6+ 7. Kd1 Bxf1 8. Nf3 Qh5 9. Rxf1 g5 10. Nd5 0-0-0 11. a4 a5 12. Qe2 h6 13. Bd2 Kb7 14. b4 axb4 15. a5 Ra8 16. Nxc7 Kxc7 17. axb6+ Kb7 18. Rxa8 Kxa8 19. Qa6+ Kb8 20. Ke2 Qg6 21. Ra1 Qxe4+ 22. Kd1 1-0

[Event "CZE-chT1W 1718"]
[Site "Czech Republic"]
[Date "2018.03.25"]
[Round "10.4"]
[White "Hrabusa, Matej"]
[Black "Polasek, Jaroslav"]
[Result "1/2-1/2"]
[WhiteElo "2357"]
[BlackElo "2331"]
[PlyCount "59"]
[EventDate "2017.10.29"]
[EventType "team-tourn"]
[EventRounds "11"]
[EventCountry "CZE"]
[SourceTitle "EXT 2019"]
[Source "ChessBase"]
[SourceDate "2018.10.10"]
[SourceVersion "1"]
[SourceVersionDate "2018.10.10"]
[SourceQuality "1"]
[WhiteTeam "Polabiny II"]
[BlackTeam "Pankrac"]
[WhiteTeamCountry "CZE"]
[BlackTeamCountry "CZE"]

1. d4 e6 2. e4 d5 3. Nc3 Nf6 4. Bg5 Bb4 5. e5 h6 6. Bd2 Bxc3 7. bxc3 Ne4 8. Qg4 Kf8 9. Bc1 c5 10. Bd3 Nxc3 11. dxc5 Nc6 12. Nf3 f5 13. exf6 Qxf6 14. Qh5 e5 15. Bg6 Kg8 16. h4 e4 17. Ng5 Ne5 18. Bh7+ Rxh7 19. Qe8+ Qf8 20. Qxe5 hxg5 21. Qxc3 Rxh4 22. Rxh4 gxh4 23. Qe5 Qf5 24. Qe8+ Kh7 25. Bb2 h3 26. gxh3 Qg5 27. Bd4 b6 28. Qc6 Rb8 29. Qc7 Ra8 30. Qc6 1/2-1/2

[Event "CZE-chT1W 1718"]
[Site "Czech Republic"]
[Date "2018.01.21"]
[Round "6.2"]
[White "Polasek, Jaroslav"]
[Black "Neuman, Petr"]
[Result "1/2-1/2"]
[WhiteElo "2331"]
[BlackElo "2449"]
[PlyCount "48"]
[EventDate "2017.10.29"]
[EventType "team-tourn"]
[EventRounds "11"]
[EventCountry "CZE"]
[SourceTitle "EXT 2019"]
[Source "ChessBase"]
[SourceDate "2018.10.10"]
[SourceVersion "1"]
[SourceVersionDate "2018.10.10"]
[SourceQuality "1"]
[WhiteTeam "Pankrac"]
[BlackTeam "Praha DP Tarok"]
[WhiteTeamCountry "CZE"]
[BlackTeamCountry "CZE"]

1. e4 c6 2. d4 d5 3. exd5 cxd5 4. c4 Nf6 5. Nc3 Nc6 6. Nf3 Bg4 7. Be2 e6 8. h3 Bh5 9. 0-0 Be7 10. c5 0-0 11. Bf4 Ne4 12. Rc1 Nxc3 13. Rxc3 Bxf3 14. Bxf3 Bf6 15. Rd3 b6 16. Qa4 Qd7 17. b4 b5 18. Qxb5 a5 19. a3 axb4 20. axb4 Ra7 21. Rb3 Rb7 22. Qa4 Ra7 23. Qb5 Rb7 24. Qa4 Ra7 1/2-1/2

[Event "CZE-chT1W 1617"]
[Site "Czech Republic"]
[Date "2017.02.19"]
[Round "8.6"]
[White "Bujupi, Fatmir"]
[Black "Polasek, Jaroslav"]
[Result "1/2-1/2"]
[WhiteElo "2190"]
[BlackElo "2320"]
[PlyCount "24"]
[EventDate "2016.10.16"]
[EventType "team-tourn"]
[EventRounds "11"]
[EventCountry "CZE"]
[SourceTitle "CBM 177 Extra"]
[Source "ChessBase"]
[SourceDate "2017.04.27"]
[SourceVersion "1"]
[SourceVersionDate "2017.04.27"]
[SourceQuality "1"]
[WhiteTeam "Praha Smichov"]
[BlackTeam "Pankrac"]
[WhiteTeamCountry "CZE"]
[BlackTeamCountry "CZE"]

1. e4 c5 2. Nc3 Nc6 3. f4 g6 4. Nf3 Bg7 5. Bc4 e6 6. 0-0 Nge7 7. Qe1 0-0 8. d3 d5 9. Bb3 Rb8 10. a3 b5 11. Qh4 c4 12. Ba2 a5 1/2-1/2

[Event "CZE-chT1W 1617"]
[Site "Czech Republic"]
[Date "2017.01.08"]
[Round "5.3"]
[White "Polasek, Jaroslav"]
[Black "Jirka, Jiri"]
[Result "1-0"]
[WhiteElo "2320"]
[BlackElo "2437"]
[PlyCount "125"]
[EventDate "2016.10.16"]
[EventType "team-tourn"]
[EventRounds "11"]
[EventCountry "CZE"]
[SourceTitle "CBM 177 Extra"]
[Source "ChessBase"]
[SourceDate "2017.04.27"]
[SourceVersion "1"]
[SourceVersionDate "2017.04.27"]
[SourceQuality "1"]
[WhiteTeam "Pankrac"]
[BlackTeam "Praha Bohemians"]
[WhiteTeamCountry "CZE"]
[BlackTeamCountry "CZE"]

1. e4 e5 2. f4 Bc5 3. Nf3 d6 4. c3 Bb6 5. d4 exd4 6. cxd4 Bg4 7. Bb5+ c6 8. Be2 Ne7 9. Be3 d5 10. e5 Na6 11. Nbd2 Nc7 12. h3 Bxf3 13. Nxf3 Qd7 14. g4 f5 15. exf6 gxf6 16. Qd3 0-0-0 17. 0-0-0 Kb8 18. Kb1 Nb5 19. g5 Nf5 20. Bf2 Qe6 21. Rhe1 Nfd6 22. gxf6 Ne4 23. Bh4 Qxh3 24. f7 Rdf8 25. Rh1 Qe6 26. Ne5 Nxd4 27. Bg4 Nf5 28. Qh3 Ned6 29. Rhe1 Ka8 30. Qa3 Rxf7 31. Nxf7 Qxf7 32. Bxf5 Qxf5+ 33. Ka1 Ne4 34. Bg3 h5 35. Qe7 Rg8 36. Bh4 a6 37. Qe5 Qf7 38. f5 Re8 39. Qf4 Bc7 40. Qf3 Rf8 41. Rf1 Be5 42. Qa3 Qg7 43. Bf2 Qf6 44. Bb6 Nd6 45. Bc7 Rh8 46. Rde1 Nc4 47. Bxe5 Nxe5 48. Qc3 Ng4 49. Qc5 Ne5 50. Qc3 Ng4 51. Qg3 Rf8 52. Qc7 Rf7 53. Re8+ Ka7 54. Qb8+ Kb6 55. Rf3 Qd4 56. Rb3+ Ka5 57. Ra3+ Kb5 58. Rb3+ Ka5 59. a3 Qc4 60. Qd8+ Ka4 61. Rb4+ Qxb4 62. axb4 Kb3 63. Qa5 1-0

[Event "Prague Pankrac Cup"]
[Site "Prague"]
[Date "2016.09.20"]
[Round "1"]
[White "Polasek, Jaroslav"]
[Black "Starek, Stanislav"]
[Result "1/2-1/2"]
[WhiteElo "2320"]
[BlackElo "2172"]
[PlyCount "34"]
[EventDate "2016.09.20"]
[EventType "swiss"]
[EventRounds "8"]
[EventCountry "CZE"]
[SourceTitle "EXT 2017"]
[Source "ChessBase"]
[SourceDate "2016.10.25"]
[SourceVersion "1"]
[SourceVersionDate "2016.10.25"]
[SourceQuality "1"]

1. e4 c5 2. c3 d6 3. d4 cxd4 4. cxd4 Nf6 5. Nc3 g6 6. Be2 Bg7 7. h4 h5 8. Nf3 Nc6 9. e5 dxe5 10. d5 Nd4 11. Nxd4 exd4 12. Qxd4 0-0 13. Qc4 Bf5 14. 0-0 Rc8 15. Qb3 Ne4 16. Nxe4 Bxe4 17. Qxb7 Rc7 1/2-1/2

[Event "CZE-chT1W 1516"]
[Site "Czech Republic"]
[Date "2015.11.15"]
[Round "3.3"]
[White "Richtrova, Eliska"]
[Black "Polasek, Jaroslav"]
[Result "0-1"]
[WhiteElo "2217"]
[BlackElo "2316"]
[PlyCount "112"]
[EventDate "2015.10.11"]
[EventType "team-tourn"]
[EventRounds "11"]
[EventCountry "CZE"]
[SourceTitle "CBM 169 Extra"]
[Source "ChessBase"]
[SourceDate "2015.12.18"]
[SourceVersion "1"]
[SourceVersionDate "2015.12.18"]
[SourceQuality "1"]
[WhiteTeam "Ceske Budejovice"]
[BlackTeam "Praha Pankrac"]
[WhiteTeamCountry "CZE"]
[BlackTeamCountry "CZE"]

1. c4 e5 2. Nc3 Nc6 3. Nf3 f5 4. d4 e4 5. Ng5 Nf6 6. Nh3 Bb4 7. Bg5 h6 8. Bxf6 Qxf6 9. e3 Ne7 10. Qb3 c5 11. 0-0-0 Bxc3 12. Qxc3 g5 13. dxc5 Qxc3+ 14. bxc3 b6 15. cxb6 axb6 16. Kb2 Bb7 17. Rd6 Bc6 18. Be2 Kd8 19. Rhd1 Kc7 20. R1d2 Raf8 21. Bh5 Nc8 22. Rg6 Rh7 23. f4 exf3 24. Bxf3 Bxf3 25. gxf3 Re8 26. Rd3 Re6 27. Rxe6 dxe6 28. Nf2 Nd6 29. Kb3 Nb7 30. Rd4 h5 31. h3 Na5+ 32. Ka4 Nc6 33. Rd1 Ne5 34. f4 Nxc4 35. Rd4 b5+ 36. Kxb5 Nd6+ 37. Kc5 Nb7+ 38. Kb4 g4 39. h4 Nd6 40. Rd1 Kc6 41. Nd3 Rb7+ 42. Ka4 Nc4 43. Nb4+ Kc7 44. Kb3 Nxe3 45. Re1 Ng2 46. Rxe6 Nxh4 47. Rh6 g3 48. Kc4 g2 49. Rh7+ Kb6 50. Rh6+ Kc7 51. Rh7+ Kd6 52. Rxb7 g1Q 53. a4 Nf3 54. Rb5 Qf1+ 55. Nd3 Ne1 56. Rd5+ Kc6 0-1

[Event "Prague Pankrac Cup"]
[Site "Prague"]
[Date "2015.09.29"]
[Round "3"]
[White "Polasek, Jaroslav"]
[Black "Anaskin, Arsenij"]
[Result "1-0"]
[WhiteElo "2316"]
[BlackElo "2203"]
[PlyCount "49"]
[EventDate "2015.09.15"]
[EventType "swiss"]
[EventRounds "8"]
[EventCountry "CZE"]
[SourceTitle "EXT 2017"]
[Source "ChessBase"]
[SourceDate "2016.10.25"]
[SourceVersion "1"]
[SourceVersionDate "2016.10.25"]
[SourceQuality "1"]

1. e4 d6 2. d4 Nf6 3. Nc3 Nbd7 4. Nf3 e5 5. Bc4 Be7 6. a4 a5 7. Ng5 0-0 8. Bxf7+ Rxf7 9. Ne6 Qe8 10. Nxc7 Qd8 11. Nxa8 exd4 12. Qxd4 Nc5 13. Be3 Bd7 14. e5 dxe5 15. Qxe5 Ng4 16. Qc7 Qxa8 17. Bxc5 Bxc5 18. Qxc5 Qe8+ 19. Ne2 Rxf2 20. Qc4+ Kh8 21. Ra3 Ne5 22. Re3 Rxg2 23. Rf1 h6 24. Qc5 Qh5 25. Qxe5 1-0

[Event "CZE-chT1W 1415"]
[Site "Czech Republic"]
[Date "2015.03.22"]
[Round "10.2"]
[White "Rasik, Vitezslav"]
[Black "Polasek, Jaroslav"]
[Result "1-0"]
[WhiteElo "2437"]
[BlackElo "2317"]
[PlyCount "61"]
[EventDate "2014.10.19"]
[EventType "team-tourn"]
[EventRounds "11"]
[EventCountry "CZE"]
[SourceTitle "EXT 2016"]
[Source "ChessBase"]
[SourceDate "2015.10.08"]
[SourceVersion "1"]
[SourceVersionDate "2015.10.08"]
[SourceQuality "1"]
[WhiteTeam "Jicin"]
[BlackTeam "Praha Pankrac"]
[WhiteTeamCountry "CZE"]
[BlackTeamCountry "CZE"]

1. e4 c5 2. Nf3 Nf6 3. Nc3 Nc6 4. e5 Ng4 5. Qe2 Qc7 6. Nb5 Qb8 7. d4 cxd4 8. Bf4 f6 9. Nbxd4 fxe5 10. Nxe5 Ngxe5 11. Nxc6 Nd3+ 12. Qxd3 Qxf4 13. Nd4 g6 14. g3 Qe5+ 15. Be2 Bg7 16. 0-0-0 0-0 17. f4 Qf6 18. Qb3+ Kh8 19. h4 d6 20. h5 h6 21. hxg6 e5 22. fxe5 dxe5 23. Qe3 Qxg6 24. Nb5 Bf5 25. g4 Bxc2 26. Rd6 Qe4 27. Rdxh6+ Kg8 28. Qxe4 Bxe4 29. Bc4+ Rf7 30. Bxf7+ Kxf7 31. Nd6+ 1-0

[Event "CZE-chT1W 1415"]
[Site "Czech Republic"]
[Date "2015.01.18"]
[Round "6.3"]
[White "Polasek, Jaroslav"]
[Black "Formanek, Martin"]
[Result "1/2-1/2"]
[WhiteElo "2317"]
[BlackElo "2216"]
[PlyCount "38"]
[EventDate "2014.10.19"]
[EventType "team-tourn"]
[EventRounds "11"]
[EventCountry "CZE"]
[SourceTitle "EXT 2016"]
[Source "ChessBase"]
[SourceDate "2015.10.08"]
[SourceVersion "1"]
[SourceVersionDate "2015.10.08"]
[SourceQuality "1"]
[WhiteTeam "Praha Pankrac"]
[BlackTeam "Unichess II"]
[WhiteTeamCountry "CZE"]
[BlackTeamCountry "CZE"]

1. e4 c5 2. c3 Nf6 3. e5 Nd5 4. d4 cxd4 5. Nf3 e6 6. cxd4 b6 7. Nc3 Nxc3 8. bxc3 Qc7 9. Bd2 Be7 10. Bd3 Ba6 11. Bxa6 Nxa6 12. Qe2 Nb8 13. 0-0 0-0 14. Rfe1 Nc6 15. c4 f6 16. d5 Nxe5 17. Nxe5 fxe5 18. dxe6 Bc5 19. Be3 dxe6 1/2-1/2

[Event "CZE-chT1W 1415"]
[Site "Czech Republic"]
[Date "2015.01.04"]
[Round "5.3"]
[White "Polasek, Jaroslav"]
[Black "Petran, Peter"]
[Result "1-0"]
[WhiteElo "2317"]
[BlackElo "2330"]
[PlyCount "63"]
[EventDate "2014.10.19"]
[EventType "team-tourn"]
[EventRounds "11"]
[EventCountry "CZE"]
[SourceTitle "EXT 2016"]
[Source "ChessBase"]
[SourceDate "2015.10.08"]
[SourceVersion "1"]
[SourceVersionDate "2015.10.08"]
[SourceQuality "1"]
[WhiteTeam "Praha Pankrac"]
[BlackTeam "Vysehrad"]
[WhiteTeamCountry "CZE"]
[BlackTeamCountry "CZE"]

1. e4 g6 2. d4 Bg7 3. Nc3 c6 4. Nf3 d6 5. Be2 Nf6 6. 0-0 0-0 7. e5 dxe5 8. Nxe5 Nbd7 9. f4 Nb6 10. Kh1 Nbd5 11. Nxd5 cxd5 12. c4 dxc4 13. Bxc4 e6 14. Qb3 b6 15. Qf3 Bd7 16. Bd2 a5 17. a3 Ra7 18. Rad1 Qa8 19. Qb3 a4 20. Qh3 Bc6 21. Bb4 Rd8 22. Nxf7 Rxf7 23. Bxe6 Bd5 24. f5 g5 25. Rde1 Re8 26. Re5 h6 27. Rfe1 Bxe6 28. fxe6 Rc7 29. Qf5 Nh5 30. d5 Bxe5 31. Qxe5 Nf4 32. Qxc7 1-0

[Event "CZE-chT1W 1415"]
[Site "Czech Republic"]
[Date "2014.10.19"]
[Round "1.3"]
[White "Polasek, Jaroslav"]
[Black "Kuba, Jindrich"]
[Result "1/2-1/2"]
[WhiteElo "2317"]
[BlackElo "2327"]
[PlyCount "73"]
[EventDate "2014.10.19"]
[EventType "team-tourn"]
[EventRounds "11"]
[EventCountry "CZE"]
[SourceTitle "EXT 2015"]
[Source "ChessBase"]
[SourceDate "2014.11.20"]
[SourceVersion "1"]
[SourceVersionDate "2014.11.20"]
[SourceQuality "1"]
[WhiteTeam "Praha Pankrac"]
[BlackTeam "Unichess"]
[WhiteTeamCountry "CZE"]
[BlackTeamCountry "CZE"]

1. e4 c6 2. d4 d5 3. exd5 cxd5 4. c4 Nf6 5. Nc3 Nc6 6. Nf3 Bg4 7. Be2 e6 8. c5 Bxf3 9. Bxf3 Be7 10. 0-0 0-0 11. Bf4 b6 12. Rc1 bxc5 13. dxc5 Rc8 14. Qa4 Bxc5 15. Nxd5 Nd4 16. Ne3 Nxf3+ 17. gxf3 Qd3 18. Qc2 Qxc2 19. Nxc2 Nd5 20. Be3 Bxe3 21. fxe3 Rc7 22. Nd4 Rxc1 23. Rxc1 Nxe3 24. Nc6 a6 25. Ne7+ Kh8 26. Kf2 Nf5 27. Nxf5 exf5 28. Rc7 g6 29. Ra7 Rc8 30. Ke3 Rc2 31. Rxf7 Rxb2 32. Kf4 Kg8 33. Ra7 Rxa2 34. Kg5 Re2 35. h4 f4 36. Rxa6 Re5+ 37. Kxf4 1/2-1/2

[Event "CZE-chT1W 1314"]
[Site "Czech Republic"]
[Date "2014.01.12"]
[Round "5.2"]
[White "Kociscak, Jiri"]
[Black "Polasek, Jaroslav"]
[Result "1-0"]
[WhiteElo "2431"]
[BlackElo "2318"]
[PlyCount "49"]
[EventDate "2013.10.20"]
[EventType "team-tourn"]
[EventRounds "11"]
[EventCountry "CZE"]
[SourceTitle "EXT 2015"]
[Source "ChessBase"]
[SourceDate "2014.11.20"]
[SourceVersion "1"]
[SourceVersionDate "2014.11.20"]
[SourceQuality "1"]
[WhiteTeam "Praha Mahrla"]
[BlackTeam "Pankrac"]
[WhiteTeamCountry "CZE"]
[BlackTeamCountry "CZE"]

1. d4 f5 2. c4 Nf6 3. Nc3 e6 4. g3 Be7 5. Bg2 0-0 6. Nf3 d6 7. 0-0 Qe8 8. Qc2 Qh5 9. h3 Nc6 10. d5 Nb4 11. Qa4 Na6 12. dxe6 Nc5 13. Qa5 c6 14. Nd4 Nxe6 15. Nxe6 Bxe6 16. Qc7 Rae8 17. Qxb7 Bd7 18. f4 Bd8 19. Qxa7 d5 20. Be3 Rf7 21. cxd5 Rfe7 22. Bc5 Rxe2 23. Nxe2 Rxe2 24. Rae1 Rxb2 25. Qa8 1-0

[Event "Prague Pankrac Cup"]
[Site "Prague"]
[Date "2013.10.15"]
[Round "6"]
[White "Kulhanek, Tomas"]
[Black "Polasek, Jaroslav"]
[Result "1/2-1/2"]
[WhiteElo "2330"]
[BlackElo "2318"]
[PlyCount "84"]
[EventDate "2013.09.10"]
[EventType "swiss"]
[EventRounds "8"]
[EventCountry "CZE"]
[SourceTitle "EXT 2014"]
[Source "ChessBase"]
[SourceDate "2013.11.20"]
[SourceVersion "1"]
[SourceVersionDate "2013.11.20"]
[SourceQuality "1"]

1. e4 e6 2. d4 d5 3. Nd2 Nf6 4. e5 Nfd7 5. c3 c5 6. f4 Nc6 7. Ndf3 Qb6 8. g3 cxd4 9. cxd4 Bb4+ 10. Kf2 g5 11. fxg5 Ndxe5 12. Nxe5 Nxe5 13. Kg2 Nc6 14. Nf3 Bd6 15. Bd3 Bd7 16. Rf1 0-0-0 17. a4 a5 18. Bd2 Kb8 19. Bc3 h6 20. Qd2 Qc7 21. gxh6 f6 22. Nh4 e5 23. Bf5 exd4 24. Bxd4 Nxd4 25. Qxd4 Rxh6 26. Bxd7 Rxd7 27. Rac1 Qd8 28. Rc2 Be5 29. Qd3 Rhh7 30. Rfc1 Qb6 31. Nf3 Rh8 32. Rc5 Qe6 33. Rxa5 Bxb2 34. Rb1 Be5 35. Qe3 d4 36. Qe4 Qa2+ 37. Kg1 d3 38. Rab5 Bd4+ 39. Kh1 b6 40. Qc6 Rhh7 41. Rxb6+ Bxb6 42. Qxb6+ Rb7 1/2-1/2

[Event "Prague Pankrac Cup"]
[Site "Prague"]
[Date "2013.10.08"]
[Round "5"]
[White "Polasek, Jaroslav"]
[Black "Vanek, Tomas"]
[Result "1-0"]
[WhiteElo "2318"]
[BlackElo "2229"]
[PlyCount "63"]
[EventDate "2013.09.10"]
[EventType "swiss"]
[EventRounds "8"]
[EventCountry "CZE"]
[SourceTitle "EXT 2014"]
[Source "ChessBase"]
[SourceDate "2013.11.20"]
[SourceVersion "1"]
[SourceVersionDate "2013.11.20"]
[SourceQuality "1"]

1. e4 c5 2. c3 Nf6 3. e5 Nd5 4. d4 cxd4 5. Nf3 Nc6 6. Bc4 Nb6 7. Bb3 d6 8. exd6 Qxd6 9. Na3 Be6 10. Nb5 Qd7 11. Bxe6 Qxe6+ 12. Be3 Nd5 13. Nfxd4 Qd7 14. Qb3 Nxe3 15. fxe3 a6 16. 0-0 e6 17. Nxc6 Qxc6 18. Nd4 Qe4 19. c4 e5 20. Qa4+ b5 21. Nxb5 axb5 22. Qxb5+ Ke7 23. Qc5+ Ke6 24. Qb6+ Bd6 25. Rad1 Rhd8 26. c5 Qxe3+ 27. Kh1 Qxc5 28. Qb3+ Kd7 29. Qb7+ Qc7 30. Rxf7+ Ke8 31. Rxc7 Bxc7 32. Qc6+ 1-0